000 00390nam a2200157Ia 4500
003 LK-CoDNM
008 010623t1971 xxu||||| |||| 00| 1 eng d
040 _aLK-CoDNM
_dLK-CoDNM
_eLK-CoDNM
041 _aeng
080 _a(x)908 RAN
100 _aRankine,Esmee
245 _aIsland Interlude
260 _bLake House Investments LTD
_aColombo
_c1971
300 _b95p, 21 cm
942 _cBK
999 _c108438
_d108438